000
00326nam a2200109Ia 4500
008
171211s9999 xx 000 0 und d
245
_a
Encyclopedia of Islamic Herbal Medicine
245
_c
John Andrew Morrow
260
_c
2011
650
_x
Encyclopedia and Dictionary
856
_u
http://down.ebook777.com/057/0786447079.pdf
999
_c
350182
_d
350182